000
00286nam a22001337a 4500
008
180201b xxu||||| |||| 00| 0 eng d
020
_a
0397508360
041
_a
eng
080
_a
617
100
_a
6
101
_a
ANE
245
_a
Clinical Anesthesia
_c
Barash, P.G
942
_2
udc
_c
BK
999
_c
41513
_d
41513